000
00333nam a22001457a 4500
003
OSt
005
20220223094709.0
008
220223b |||||||| |||| 00| 0 eng d
020
_a
8183600271
040
_c
HU
082
_a
691.7
100
_a
Vaishwanar
_9
31222
245
_a
Analysis & Design Of Structures
942
_2
ddc
_c
BOOKS
_n
0
999
_c
31283
_d
31283